01418nab a2200349 a 450000100060000000300080000600500170001400600190003100700150005000800410006502200140010603500210012004000260014105000210016708000080018808200160019622200300021224502340024226000760047630000090055231000150056136200280057653301640060465000390076865000350080765000490084265000470089165500320093871000190097085600620098999900170105124734FlNmELB20241216215750.0m o d | cr cn|||||||||201010r2009 cu |||||s|||||||||||spa d a0864-0394 a(OCoLC)955436168 aFlNmELBbspacFlNmELB 4aSB199bE921 2009 a63304a633.202222 0aPastos y Forrajesb(Cuba)00aEvaluación de dos especies de Leucaena, asociadas a Brachiaria brizantha y Clitoria ternatea en un sistema silvopastoril en Nayarit, México:h[recurso electronico]bI. Comportamiento agronómico /cJ. Bugarín ... [et al.]. aMatanzas :bEstación Experimental de Pastos y Forrajes (Cuba),c2009. a7 p. aTrimestral0 aVol. 32, Num. 4 (2009)- aRecurso electrónico. Santa Fe, Arg.: e-libro, 2015. Disponible vía World Wide Web. El acceso puede estar limitado para las bibliotecas afiliadas a e-libro. 4aForage crops.vPeriodicals.zCuba. 4aAgronomy.vPeriodicals.zCuba. 4aAgronomía.vPublicaciones seriadas.zCuba. 4aAgronomia.vPublicaciones seriadas.zCuba. 4aArtículos electrónicos.2 ae-libro, Corp.40uhttps://elibro.net/ereader/politecnicointernacional/12856 c24734d24734